Scary Movie Franchise - Statistics

General Stats
  • This quiz has been taken 93 times
  • The average score is 5 of 5
Answer Stats
Type Year Name Info % Correct
Film 2000 Scary Movie Dimension Films
100%
Film 2001 Scary Movie 2 Dimension Films
97%
Film 2003 Scary Movie 3 Dimension Films
94%
Film 2006 Scary Movie 4 Dimension Films / Miramax International
94%
Film 2013 Scary Movie 5 Dimension Films
93%
No matching quizzes found
Score Distribution
Percent of People with Each Score
Percentile by Number Answered
Your Score History
You have not taken this quiz